000 00717nam a2200205Ia 4500
005 20250508152359.0
008 008 250505s9999 xx 000 0 eng d
037 _aBooks to be hide in OPAC
040 _aFEDL
_beng
_cFEDL
041 _aeng
_2eng
084 _a016.370 78, CEN/O
_qFEDL
245 0 _aStudies in education and psychology: Summaries of reports
245 0 _cCentral Institute of Education
260 _aDelhi, India
_bCentral Institute of Education
_c1958
300 _aii,93p.
365 _aINR
_b10
546 _aSubmitted by the students for the degree of master of education 1954-55; Publications Number 26
942 _cHB
_h016.370 78, CEN/O
999 _c1336054
_d1336054